[Event "RSA-chT Regions"]
[Site "Cape Town"]
[Date "2016.01.08"]
[Round "1.3"]
[White "Klaver, Cornelis"]
[Black "Maluleke, Pfumelani"]
[Result "1-0"]
[WhiteElo "2046"]
[BlackElo "1526"]
[PlyCount "63"]
[EventDate "2016.01.08"]
[EventType "team-swiss"]
[EventRounds "7"]
[EventCountry "RSA"]
[SourceTitle "CBM 170 Extra"]
[Source "ChessBase"]
[SourceDate "2016.02.25"]
[SourceVersion "1"]
[SourceVersionDate "2016.02.25"]
[SourceQuality "1"]
[WhiteTeam "Tshwane"]
[BlackTeam "Ehlanzeni"]
[WhiteTeamCountry "RSA"]
[BlackTeamCountry "RSA"]

1. d4 Nf6 2. c4 g6 3. Nc3 Bg7 4. e4 d6 5. h3 b6 6. Bd3 Nc6 7. Nf3 Bd7 8. e5 dxe5 9. dxe5 Ng8 10. Bf4 e6 11. 0-0 Nge7 12. Qd2 0-0 13. Rad1 Bc8 14. Bh6 Nd4 15. Nxd4 Qxd4 16. Bxg7 Kxg7 17. Qg5 Qc5 18. Ne4 Qb4 19. a3 Qxb2 20. Qf6+ Kg8 21. Qxe7 Qxe5 22. Nf6+ Kg7 23. Nxh7 Rh8 24. Ng5 Qf6 25. Qxf6+ Kxf6 26. Ne4+ Ke7 27. c5 Bb7 28. f3 Rh5 29. Rc1 Rd8 30. cxb6 cxb6 31. Rc7+ Rd7 32. Rxd7+ 1-0